Fire Emblem Heroes Bow Flying Units - Statistics

General Stats
  • This quiz has been taken 87 times
    4 since last reset
  • The average score is 11 of 25
Answer Stats
Answer % Correct
Hinoka (Legendary)
100%
Hinoka (Pirate)
100%
Hinoka (WF)
100%
Claude (CYL)
50%
Claude (Legendary)
50%
Fjorm (Wedding)
50%
Florina (Ascended)
50%
Heath (Ninja)
50%
Hilda (Festival)
50%
Inigo (Spring)
50%
Loki (Spring)
50%
Lyn (Summer)
50%
Petra (Summer)
50%
Plumeria (New Year)
50%
Quan (Performing)
50%
Reina (Ninja)
50%
Shanna (Wedding)
50%
Takumi (Summer)
50%
Tana (Rearmed)
50%
Baldr (CYL)
0%
Catria (Wind)
0%
Dagr (New Year)
0%
Elincia (Summer)
0%
Höðr
0%
Laegjarn (Ninja)
0%
No matching quizzes found
Score Distribution
Percent of People with Each Score
Percentile by Number Answered
Your Score History
You have not taken this quiz since the last reset